|
|
|
|
| LEADER |
00744cam a2200217 a 4500 |
| 001 |
0000067765 |
| 005 |
20040922090000.0 |
| 040 |
|
|
|a mod
|
| 041 |
|
|
|a eng
|
| 020 |
0 |
0 |
|a 983580835X
|
| 090 |
0 |
0 |
|a 652.55369
|b HAB
|e 2003
|
| 100 |
1 |
0 |
|a Habraken
|h Joe
|
| 245 |
1 |
0 |
|a Panduan 10 minit microsoft word 2002
|c Joe Habraken; alih bahasa oleh Siti Jasmin Sheikh Mustafar
|
| 260 |
0 |
0 |
|a Kuala Lumpur
|b Federal Publications
|c 2003
|
| 300 |
0 |
0 |
|a 213ms.
|b ill.
|c 24sm
|
| 500 |
0 |
0 |
|a Mengandungi indeks
|
| 650 |
0 |
0 |
|a Word processing
|x Computer programs
|
| 650 |
0 |
0 |
|a Microsoft word
|
| 700 |
1 |
1 |
|a Siti Jasmin Sheikh Mustafar
|
| 999 |
|
|
|a 0216754
|b PUSARTI
|d BOOKS
|e Umum
|f PUSARTI
|j AVAILABLE
|q GOOD CONDITION
|
| 999 |
|
|
|a 0228288
|b PUSARTI
|d BOOKS
|e Umum
|f PUSARTI
|j AVAILABLE
|q GOOD CONDITION
|